| 000 | 00660nam a22001217a 4500 | ||
|---|---|---|---|
| 040 | _cRUA | ||
| 082 | _aDVM SOU 2025 B707 Or. | ||
| 100 | _aSOUN DANE, ស៊ន់ ដាណេ | ||
| 245 | _aHypothyroidiism on dogs in veterinary hospital in sangkat phsar derm tkov, chamkamorn district,phnom penh. ករណីក្រពេញទីរ៉ូអ៊ីតខ្សោយលើសុនខនៅមន្ទីពេទ្យសត្វ ក្នុងសង្កាត់ដើមថ្កូវ ខណ្ឌចំការមន រាជធានីភ្នំពេញ | ||
| 260 |
_aPHNOM PENH _bRUA _c2025 |
||
| 300 |
_ax,41p. _bill. _c29cm. |
||
| 942 | _cNRM | ||
| 999 |
_c25700 _d25700 |
||